000 01472nam a2200229Ia 4500
003 Ost
005 20260507074901.0
008 260507s9999||||xx |||||||||||||| ||und||
040 _cfsecg
041 _aara
082 _a332.1
100 _aعقل، مفلح محمد
_eمؤلف
245 0 _aوجهات نظر مصرفية /
_c مفلح محمد عقل
260 _aعمان:
_bمكتبة المجتمع العربي للنشر والتوزيع,
_c2006
300 _a605 صفحة؛
_bإيضاحات ؛
_c25 سم
504 _aالمراجع ص.604
520 _aقطاع المقاولات في الأدرن، عالمية الأسواق المالية والمنتجات، العمولات المصرفية في الإستثمار، أساسيات الإئتمان لازالت في الصدارة، تأثير أزمة الخليج على الجهاز المصرفي، مخاطر العمل المصرفي وكيفية التعامل معها، إدارة ميزانية البنك التجاري، السوق المالية الأدرنية، مقومات اخفاق المؤسسات التجارية، إدارة السيولة في البنك التجاري، تمويل رأس المال العامل لقطاع التعهدات، تمويل المشاريع، التدفق النقدي كأداة كمية للتحليل الإئتماني.
653 _aالإئتمان
653 _aالإستثمار
653 _aالبنوك
942 _cكتاب
999 _c41650
_d41650